2018 FIFA World Cup squads - Statistics

General Stats
  • This quiz has been taken 26 times
  • The average score is 72 of 368
Answer Stats
Country Position Club Answer % Correct
France GK Tottenham Hotspur Hugo Lloris
95%
France MF Chelsea N'Golo Kanté
91%
France FW Paris Saint-Germain Kylian Mbappé
86%
France GK Marseille Steve Mandanda
86%
France FW Atlético Madrid Antoine Griezmann
82%
France DF Manchester City Benjamin Mendy
82%
France DF Stuttgart Benjamin Pavard
82%
France MF Juventus Blaise Matuidi
82%
France MF Manchester United Paul Pogba
82%
France DF Barcelona Samuel Umtiti
82%
France GK Paris Saint-Germain Alphonse Areola
77%
Croatia MF Real Madrid Luka Modrić
77%
France DF Real Madrid Raphael Varane
77%
France DF Atlético Madrid Lucas Hernandez
73%
France FW Barcelona Ousmane Dembélé
73%
France DF Paris Saint-Germain Presnel Kimpembe
73%
France FW Chelsea Olivier Giroud
68%
Belgium GK Chelsea Thibaut Courtois
64%
France DF Olympique de Marseille Adil Rami
55%
France MF Bayern Munich Corentin Tolisso
55%
England DF Manchester City Kyle Walker
55%
France FW Lyon Nabil Fekir
55%
France FW Monaco Thomas Lemar
55%
Portugal MF Manchester City Bernardo Silva
50%
Belgium FW Chelsea Eden Hazard
50%
England FW Tottenham Hotspur Harry Kane
50%
England DF Leicester City Harry Maguire
50%
England FW Leicester City Jamie Vardy
50%
England DF Manchester City John Stones
50%
England MF Liverpool Jordan Henderson
50%
Belgium MF Manchester City Kevin De Bruyne
50%
Croatia MF Inter Milan Marcelo Brozović
50%
Croatia FW Juventus Mario Mandžukić
50%
England GK Burnley Nick Pope
50%
Brazil DF Paris Saint-Germain Thiago Silva
50%
Spain FW Manchester City David Silva
45%
England MF Tottenham Hotspur Dele Alli
45%
France DF Monaco Djibril Sidibé
45%
Brazil GK Manchester City Ederson
45%
France FW Olympique de Marseille Florian Thauvin
45%
England GK Everton Jordan Pickford
45%
Argentina FW Barcelona Lionel Messi
45%
Brazil FW Paris Saint-Germain Neymar
45%
England FW Manchester City Raheem Sterling
45%
Belgium FW Manchester United Romelu Lukaku
45%
Brazil GK Roma Alisson
41%
Portugal FW Real Madrid Cristiano Ronaldo
41%
England DF Tottenham Hotspur Danny Rose
41%
England FW Arsenal Danny Welbeck
41%
Belgium FW Napoli Dries Mertens
41%
Uruguay FW Paris Saint-Germain Edinson Cavani
41%
Croatia MF Barcelona Ivan Rakitić
41%
Belgium DF Tottenham Hotspur Jan Vertonghen
41%
England MF Manchester United Jesse Lingard
41%
England DF Tottenham Hotspur Kieran Trippier
41%
England FW Manchester United Marcus Rashford
41%
Brazil DF Paris Saint-Germain Marquinhos
41%
England DF Manchester United Phil Jones
41%
Brazil FW Liverpool Roberto Firmino
41%
France MF Sevilla Steven Nzonzi
41%
England MF Tottenham Hotspur Eric Dier
36%
Brazil FW Manchester City Gabriel Jesus
36%
Uruguay FW Barcelona Luis Suárez
36%
Croatia MF Real Madrid Mateo Kovačić
36%
Brazil MF Barcelona Philippe Coutinho
36%
Spain MF Bayern Munich Thiago
36%
Belgium DF Tottenham Hotspur Toby Alderweireld
36%
England DF Liverpool Trent Alexander-Arnold
36%
Belgium DF Manchester City Vincent Kompany
36%
Croatia FW Eintracht Frankfurt Ante Rebić
32%
Brazil MF Real Madrid Casemiro
32%
Croatia DF Liverpool Dejan Lovren
32%
Brazil FW Juventus Douglas Costa
32%
Brazil MF Manchester City Fernandinho
32%
Brazil MF Shakhtar Donetsk Fred
32%
England DF Chelsea Gary Cahill
32%
Croatia FW Inter Milan Ivan Perišić
32%
England GK Stoke City Jack Butland
32%
Brazil DF Real Madrid Marcelo
32%
Belgium MF Manchester United Marouane Fellaini
32%
Belgium MF West Bromwich Albion Nacer Chadli
32%
Croatia DF Atlético Madrid Šime Vrsaljko
32%
Belgium MF Borussia Mönchengladbach Thorgan Hazard
32%
England DF Manchester United Ashley Young
27%
Belgium MF Tianjin Quanjian Axel Witsel
27%
Brazil DF Manchester City Danilo
27%
Uruguay DF Atlético Madrid Diego Godín
27%
Croatia DF Beşiktaş Domagoj Vida
27%
England DF Manchester City Fabian Delph
27%
Brazil DF Inter Milan Miranda
27%
Spain FW Valencia Rodrigo
27%
England MF Crystal Palace Ruben Loftus-Cheek
27%
Argentina FW Manchester City Sergio Agüero
27%
Belgium GK Liverpool Simon Mignolet
27%
Brazil MF Chelsea Willian
27%
Belgium MF Dalian Yifang Yannick Carrasco
27%
Belgium MF Monaco Youri Tielemans
27%
Croatia FW 1899 Hoffenheim Andrej Kramarić
23%
Spain MF Barcelona Andrés Iniesta
23%
Argentina MF Paris Saint-Germain Ángel Di María
23%
Portugal MF Sporting CP Bruno Fernandes
23%
Spain GK Manchester United David de Gea
23%
Croatia GK Dinamo Zagreb Dominik Livaković
23%
Uruguay GK Galatasaray Fernando Muslera
23%
Colombia MF Bayern Munich James Rodríguez
23%
Denmark GK Leicester City Kasper Schmeichel
23%
Spain MF Atlético Madrid Koke
23%
Croatia FW Schalke 04 Marko Pjaca
23%
Belgium FW Borussia Dortmund Michy Batshuayi
23%
Croatia FW Milan Nikola Kalinić
23%
Brazil MF Barcelona Paulinho
23%
Brazil MF Beijing Sinobo Guoan Renato Augusto
23%
Sweden GK Copenhagen Robin Olsen
23%
Portugal GK Sporting CP Rui Patrício
23%
Belgium DF Barcelona Thomas Vermaelen
23%
Croatia DF Lokomotiv Moscow Vedran Ćorluka
23%
Belgium FW Real Sociedad Adnan Januzaj
18%
Portugal DF Southampton Cédric
18%
Spain DF Chelsea César Azpilicueta
18%
Denmark MF Tottenham Hotspur Christian Eriksen
18%
Croatia GK Monaco Danijel Subašić
18%
Colombia GK Arsenal David Ospina
18%
Colombia DF Tottenham Hotspur Davinson Sánchez
18%
Sweden MF RB Leipzig Emil Forsberg
18%
Brazil DF Corinthians Fagner
18%
Portugal FW Valencia Gonçalo Guedes
18%
Argentina FW Juventus Gonzalo Higuaín
18%
Switzerland MF Arsenal Granit Xhaka
18%
Spain MF Real Madrid Isco
18%
Uruguay DF Atlético Madrid José Giménez
18%
Colombia MF Juventus Juan Cuadrado
18%
Belgium GK Wolfsburg Koen Casteels
18%
Croatia GK Gent Lovre Kalinić
18%
Argentina DF Manchester United Marcos Rojo
18%
Belgium MF Tottenham Hotspur Mousa Dembélé
18%
Argentina FW Juventus Paulo Dybala
18%
Portugal DF Beşiktaş Pepe
18%
Sweden DF Leeds United Pontus Jansson
18%
Colombia FW Monaco Radamel Falcao
18%
Portugal DF Borussia Dortmund Raphaël Guerreiro
18%
Uruguay MF Juventus Rodrigo Bentancur
18%
Spain MF Atlético Madrid Saúl
18%
Spain MF Barcelona Sergio Busquets
18%
Japan FW Leicester City Shinji Okazaki
18%
Belgium DF Paris Saint-Germain Thomas Meunier
18%
Croatia DF Bayer Leverkusen Tin Jedvaj
18%
Portugal MF Sporting CP William Carvalho
18%
Argentina GK Chelsea Willy Caballero
18%
Switzerland MF Stoke City Xherdan Shaqiri
18%
Switzerland GK Borussia Mönchengladbach Yann Sommer
18%
Portugal MF Leicester City Adrien Silva
14%
Denmark DF Chelsea Andreas Christensen
14%
Portugal FW Milan André Silva
14%
Portugal GK Lyon Anthony Lopes
14%
Portugal GK Göztepe Beto
14%
Switzerland FW Schalke 04 Breel Embolo
14%
Portugal DF Rangers Bruno Alves
14%
Mexico FW Los Angeles FC Carlos Vela
14%
Uruguay FW Girona Cristhian Stuani
14%
Spain DF Real Madrid Dani Carvajal
14%
Belgium DF Celtic Dedryck Boyata
14%
Spain FW Atlético Madrid Diego Costa
14%
Uruguay MF Genoa Diego Laxalt
14%
Croatia DF Red Bull Salzburg Duje Ćaleta-Car
14%
Japan GK Metz Eiji Kawashima
14%
Argentina MF River Plate Enzo Pérez
14%
Switzerland DF Deportivo La Coruña Fabian Schär
14%
Argentina DF Roma Federico Fazio
14%
Brazil DF Atlético Madrid Filipe Luís
14%
Argentina GK River Plate Franco Armani
14%
Portugal FW Sporting CP Gelson Martins
14%
Spain DF Barcelona Gerard Piqué
14%
Mexico MF LA Galaxy Giovani dos Santos
14%
Switzerland FW Benfica Haris Seferovic
14%
Japan DF Olympique de Marseille Hiroki Sakai
14%
Russia GK CSKA Moscow Igor Akinfeev
14%
Croatia DF Sampdoria Ivan Strinić
14%
Argentina DF Hebei China Fortune Javier Mascherano
14%
Portugal MF West Ham United João Mário
14%
Denmark GK Huddersfield Town Jonas Lössl
14%
Mexico MF LA Galaxy Jonathan dos Santos
14%
Spain DF Barcelona Jordi Alba
14%
Portugal DF Dalian Yifang José Fonte
14%
Croatia DF Dynamo Kyiv Josip Pivarić
14%
Colombia MF River Plate Juan Fernando Quintero
14%
Spain GK Athletic Bilbao Kepa Arrizabalaga
14%
Argentina MF Milan Lucas Biglia
14%
Argentina DF Sporting CP Marcos Acuña
14%
Portugal DF Napoli Mário Rui
14%
Uruguay MF Inter Milan Matías Vecino
14%
Uruguay FW Celtta Vigo Maxi Gómez
14%
Uruguay DF Porto Maxi Pereira
14%
Japan DF Southampton Maya Yoshida
14%
Croatia MF Fiorentina Milan Badelj
14%
Spain DF Real Madrid Nacho
14%
Spain DF Arsenal Nacho Monreal
14%
Argentina DF Manchester City Nicolás Otamendi
14%
Portugal FW Beşiktaş Ricardo Quaresma
14%
Switzerland DF Milan Ricardo Rodríguez
14%
Portugal DF Benfica Rúben Dias
14%
Uruguay DF Sporting CP Sebastián Coates
14%
Spain DF Real Madrid Sergio Ramos
14%
Japan MF Borussia Dortmund Shinji Kagawa
14%
Denmark DF Sevilla Simon Kjær
14%
Switzerland DF Juventus Stephan Lichtsteiner
14%
Brazil FW Shakhtar Donetsk Taison
14%
Denmark MF Werder Bremen Thomas Delaney
14%
Colombia DF Barcelona Yerry Mina
14%
Denmark FW RB Leipzig Yussuf Poulsen
14%
Spain DF Real Sociedad Álvaro Odriozola
9%
Denmark FW Atalanta Andreas Cornelius
9%
Sweden DF Krasnodar Andreas Granqvist
9%
Russia FW Arsenal Tula Artem Dzyuba
9%
Switzerland MF Bologna Blerim Džemaili
9%
Colombia FW Villareal Carlos Bacca
9%
Brazil GK Corinthians Cássio
9%
Argentina MF Boca Juniors Cristian Pavón
9%
Colombia DF Milan Cristián Zapata
9%
Russia MF Villareal Denis Cheryshev
9%
Argentina DF Benfica Eduardo Salvio
9%
Argentina MF Sevilla Éver Banega
9%
Croatia MF Rijeka Filip Bradarić
9%
Sweden DF Bologna Filip Helander
9%
Argentina DF Sevilla Gabriel Mercado
9%
Japan MF Fortuna Düsseldorf Genki Haraguchi
9%
Uruguay FW Cruzeiro Giorgian De Arrascaeta
9%
Argentina MF Paris Saint-Germain Giovani Lo Celso
9%
Japan DF Hamburger SV Gōtoku Sakai
9%
Mexico GK Standard Liège Guillermo Ochoa
9%
Mexico DF Porto Héctor Herrera
9%
Mexico DF Real Sociedad Héctor Moreno
9%
Spain FW Celta Vigo Iago Aspas
9%
Denmark DF Borussia Mönchengladbach Jannik Vestergaard
9%
Mexico FW West Ham United Javier Hernández
9%
Colombia MF Levante Jefferson Lerma
9%
Denmark DF Udinese Jens Stryger Larsen
9%
Portugal MF Monaco João Moutinho
9%
Colombia DF Girona Johan Mojica
9%
Sweden FW Alavés John Guidetti
9%
Uruguay FW Monterrey Jonathan Urretaviscaya
9%
Colombia FW Brighton & Hove Albion José Izquierdo
9%
Switzerland FW Borussia Mönchengladbach Josip Drmić
9%
Denmark FW Ajax Kasper Dolberg
9%
Japan MF Pachuca Keisuke Honda
9%
Denmark MF Ajax Lasse Schöne
9%
Uruguay MF Sampdoria Lucas Torreira
9%
Spain FW Real Madrid Lucas Vázquez
9%
Sweden DF Werder Bremen Ludwig Augustinsson
9%
Colombia FW Sevilla Luis Muriel
9%
Switzerland DF Borussia Dortmund Manuel Akanji
9%
Portugal MF Lokomotiv Moscow Manuel Fernandes
9%
Spain MF Real Madrid Marco Asensio
9%
Sweden FW Al Ain Marcus Berg
9%
Russia DF CSKA Moscow Mário Fernandes
9%
Switzerland FW Dinamo Zagreb Mario Gavranović
9%
Denmark FW Bordeaux Martin Braithwaite
9%
Uruguay DF Lazio Martín Cáceres
9%
Sweden DF Swansea City Martin Olsson
9%
Denmark DF Huddersfield Town Mathias Jørgensen
9%
Argentina MF Independiente Maximiliano Meza
9%
Switzerland DF Basel Michael Lang
9%
Mexico MF Sevilla Miguel Layún
9%
Sweden DF Celtic Mikael Lustig
9%
Uruguay MF Boca Juniors Nahitan Nández
9%
Switzerland DF Borussia Mönchengladbach Nico Elvedi
9%
Denmark FW Feyenoord Nicolai Jørgensen
9%
Sweden FW Tolouse Ola Toivonen
9%
Spain GK Napoli Pepe Reina
9%
Denmark FW Celta Vigo Pione Sisto
9%
Mexico FW Benfica Raúl Jiménez
9%
Switzerland MF Atalanta Remo Freuler
9%
Switzerland GK Borussia Dortmund Roman Bürki
9%
Colombia DF PSV Eindhoven Santiago Arias
9%
Sweden MF Hull City Sebastian Larsson
9%
Switzerland MF Udinese Valon Behrami
9%
Sweden DF Manchester United Victor Lindelöf
9%
Sweden MF Krasnodar Viktor Claesson
9%
Denmark FW Copenhagen Viktor Fischer
9%
Japan FW Mainz 05 Yoshinori Muto
9%
Japan DF Galatasaray Yuto Nagatomo
9%
Switzerland GK RB Leipzig Yvon Mvogo
9%
Russia MF CSKA Moscow Alan Dzagoev
5%
Sweden MF Hamburger SV Albin Ekdal
5%
Russia MF CSKA Moscow Aleksandr Golovin
5%
Mexico MF Real Betis Andrés Guardado
5%
Russia GK Zenit Saint Petersburg Andrey Lunyov
5%
Mexico DF Eintracht Frankfurt Carlos Salcedo
5%
Argentina DF Torino Cristian Ansaldi
5%
Uruguay MF Peñarol Cristian Rodríguez
5%
Switzerland MF Borussia Mönchengladbach Denis Zakaria
5%
Sweden DF Bologna Emil Krafth
5%
Mexico MF Pachuca Érick Gutiérrez
5%
Switzerland DF Tolouse François Moubandje
5%
Denmark GK Brøndby Frederik Rønnow
5%
Russia FW Krasnodar Fyodor Smolov
5%
Denmark DF Brentford Henrik Dalsgaard
5%
Mexico FW PSV Eindhoven Hirving Lozano
5%
Russia DF Zenit Saint Petersburg Igor Smolnikov
5%
Mexico MF UNAM Jesús Gallardo
5%
Sweden MF Tolouse Jimmy Durmaz
5%
Switzerland DF Antalyaspor Johan Djourou
5%
Denmark DF Ipswich Town Jonas Knudsen
5%
Sweden GK Swansea City Kristoffer Nordfeldt
5%
Belgium DF Anderlecht Leander Dendoncker
5%
Denmark MF Bordeaux Lukas Lerager
5%
Japan MF Eintracht Frankfurt Makoto Hasebe
5%
Mexico FW Eintracht Frankfurt Marco Fabián
5%
Uruguay GK Independiente Martín Campaña
5%
Uruguay GK Vasco da Gama Martín Silva
5%
Colombia MF América Mateus Uribe
5%
Denmark MF Deportivo La Coruña Michael Krohn-Dehli
5%
Brazil DF Grêmio Pedro Geromel
5%
Portugal DF Porto Ricardo Pereira
5%
Russia MF Spartak Moscow Roman Zobnin
5%
Russia DF CSKA Moscow Sergei Ignashevich
5%
Switzerland MF 1899 Hoffenheim Steven Zuber
5%
Japan MF Eibar Takashi Inui
5%
Japan DF Urawa Red Diamonds Wataru Endo
5%
Colombia MF Boca Juniors Wilmar Barrios
5%
Russia MF Zenit Saint Petersburg Yuri Zhirkov
5%
Russia MF Krasnodar Yury Gazinsky
5%
Japan FW 1. FC Köln Yuya Osako
5%
Colombia MF Deportivo Cali Abel Aguilar
0%
Russia MF Spartak Moscow Aleksandr Samedov
0%
Russia MF Zenit Saint Petersburg Aleksandr Yerokhin
0%
Russia MF Lokomotiv Moscow Aleksei Miranchuk
0%
Mexico GK Toluca Alfredo Talavera
0%
Russia DF Akhmat Grozny Andrei Semyonov
0%
Russia MF Lokomotiv Moscow Anton Miranchuk
0%
Colombia GK Deportivo Cali Camilo Vargas
0%
Uruguay MF Monterrey Carlos Sánchez
0%
Colombia MF Espanyol Carlos Sánchez
0%
Russia MF Zenit Saint Petersburg Daler Kuzyayev
0%
Mexico DF America Edson Álvarez
0%
Colombia DF Olimpia Farid Díaz
0%
Russia DF Rubin Kazan Fyodor Kudryashov
0%
Japan MF Getafe Gaku Shibasaki
0%
Uruguay DF Independiente Gastón Silva
0%
Switzerland MF Eintracht Frankfurt Gelson Fernandes
0%
Japan DF Kashima Antlers Gen Shoji
0%
Uruguay DF Peñarol Guillermo Varela
0%
Sweden MF Seattle Sounders Gustav Svensson
0%
Japan MF Cerezo Osaka Hotaru Yamaguchi
0%
Mexico DF Tigres UANL Hugo Ayala
0%
Russia DF Spartak Moscow Ilya Kutepov
0%
Sweden FW Waasland-Beveren Isaac Kiese Thelin
0%
Mexico MF Tigres UANL Javier Aquino
0%
Mexico MF Porto Jesús Manuel Corona
0%
Mexico GK Cruz Azul José de Jesús Corona
0%
Colombia GK Once Caldas José Fernando Cuadrado
0%
Sweden GK Guingamp Karl-Johan Johnsson
0%
Japan GK Kashiwa Reysol Kosuke Nakamura
0%
Sweden MF Crotone Marcus Rohdén
0%
Japan GK Gamba Osaka Masaaki Higashiguchi
0%
Colombia FW Palmeiras Miguel Borja
0%
Argentina GK Tigres UANL Nahuel Guzmán
0%
Japan DF Kashima Antlers Naomichi Ueda
0%
Argentina DF Ajax Nicolás Tagliaifico
0%
Mexico FW América Oribe Peralta
0%
Sweden MF Genoa Oscar Hiljemark
0%
Colombia DF Pachuca Óscar Murillo
0%
Mexico DF Atlas Rafael Márquez
0%
Japan MF Kawasaki Frontale Ryota Oshima
0%
Japan MF Fortuna Düsseldorf Takashi Usami
0%
Japan DF Urawa Red Diamonds Tomoaki Makino
0%
Russia GK Club Brugge Vladimir Gabulov
0%
Russia DF Rubin Kazan Vladimir Granat
0%
Denmark MF Copenhagen William Kvist
0%
No matching quizzes found
Score Distribution
Percent of People with Each Score
Percentile by Number Answered
Your Score History
You have not taken this quiz